| 000 | 00869nas a2200253 i 4500 | ||
|---|---|---|---|
| 001 | 173386 | ||
| 003 | ES-MaACL | ||
| 005 | 20250415221112.0 | ||
| 008 | 091130c1943 sp | | ||pa d | ||
| 080 | _a347.794(460)(083.41) | ||
| 080 | _a368.2(460)(083.41) | ||
| 245 | 0 | 0 |
_aEstadística de fletes y seguros / _cMinisterio de Hacienda, Dirección General de Aduanas. |
| 260 |
_aMadrid : _bDirección General de Aduanas, _c1943- |
||
| 300 |
_a17 v. ; _c24 cm. |
||
| 650 | 4 |
_aFletamento- _zEspaña- _vEstadísticas. _9141672 |
|
| 650 | 4 |
_aSeguros de transportes- _zEspaña- _vEstadísticas. _9141673 |
|
| 655 | 7 |
_2tgfbne _9226866 _aRevistas |
|
| 710 | 1 |
_aEspaña. _bDirección General de Aduanas. _9166270 |
|
| 852 |
_aES-MaACL _jP-500 bis _cDEPO2 |
||
| 866 | 0 | _o1944-1949, 1951-1960, 1964. | |
| 942 |
_2udc _cPERIODICA |
||
| 999 |
_c173386 _d173386 |
||